Οι κλέφτες

Saved in:
Bibliographic Details
Main Author: Faulkner, William, 1897-1962
Other Authors: Καζαντζής, Βασίλης Λ. (Translator)
Format: Book
Language:Greek
English
Published: Αθήναι : Φέξης, 1966.
Series:Σύγχρονη Αμερική (Φέξης) ; 11
Subjects:
Tags: Add Tag
No Tags, Be the first to tag this record!

MARC

LEADER 00000cam a2200000 i 4500
001 1/48573
008 980710s1966 gr | ||| |||| ||gre||
035 |l 10043374 
040 |a GR-MyUA  |b gre  |e AACR2 
041 1 |a gre  |h eng 
082 0 |a 813 
100 1 |a Faulkner, William,   |d 1897-1962. 
245 1 3 |a Οι κλέφτες /   |c του William Faulkner ; μετάφραση Βασ. Καζαντζή.  
260 |a Αθήναι :   |b Φέξης,   |c 1966.  
300 |a 264 σ. ;   |c 20 εκ.  
490 1 |a (Σύγχρονη Αμερική / Φέξης ;   |v  11)  
500 |a Τίτλος πρωτοτύπου: The reivers 
650 0 0 |a American fiction. 
700 1 |a Καζαντζής, Βασίλης Λ.  |e trl 
830 0 |a Σύγχρονη Αμερική (Φέξης)  |v  ; 11 
852 |a INST  |b RHODES  |c AKA  |e 20081023  |h  813 FAU  |p 005400031237  |q 005400031237  |t BK  |y 0 
852 |a INST  |b SAMOS  |e 19980710  |h 813 FAU  |p 005300010947  |q 005300010947  |t BK  |y 0 
901 |a BIBL-1998-2 
901 |a BIBL4-2008-3 
909 |a Σ  |b 051338 
909 |a Ρ  |b 153490 
922 |a 3ΕΛΗ  |b 199709  |c ΔΩΡ  |d ΠΑΡΙΑΝΟΣ